Online
Catalog

Eros y civilización / (Record no. 24171)

MARC details
000 -CABECERA
campo de control de longitud fija 00835nam a2200253 a 4500
001 - NÚMERO DE CONTROL
campo de control 000024678
005 - FECHA Y HORA DE LA ÚLTIMA TRANSACCIÓN
campo de control 20250611121345.0
008 - DATOS DE LONGITUD FIJA--INFORMACIÓN GENERAL
campo de control de longitud fija 110131s1989 sp r 000 | spa d
040 ## - FUENTE DE LA CATALOGACIÓN
Centro catalogador/agencia de origen DO-SdBNP
Lengua de catalogación spa
Centro/agencia transcriptor BNPHU
041 ## - CÓDIGO DE LENGUA
Código de lengua del texto/banda sonora o título independiente eng
Código de lengua original spa
Fuente del código Código de idioma MARC
082 ## - NÚMERO DE LA CLASIFICACIÓN DECIMAL DEWEY
Número de clasificación 302
Número de documento/Ítem M322e
049 ## - FONDOS LOCALES (OCLC)
Fondos de biblioteca BNGR
100 1# - ENTRADA PRINCIPAL--NOMBRE DE PERSONA
Nombre de persona Marcuse, Herbert,
Fechas asociadas al nombre 1898-1979
9 (RLIN) 5128
240 #0 - TÍTULO UNIFORME
Título uniforme Eros and civilization: a philosophical inquiry into Freud.
Lenguaje de la obra español
245 14 - MENCIÓN DE TÍTULO
Título Eros y civilización /
Mención de responsabilidad, etc. Herbert Marcuse ; traducción de Juan García Ponce.
260 ## - PUBLICACIÓN, DISTRIBUCIÓN, ETC.
Lugar de publicación, distribución, etc. Barcelona :
Nombre del editor, distribuidor, etc. Ariel,
Fecha de publicación, distribución, etc. 1989.
300 ## - DESCRIPCIÓN FÍSICA
Extensión 253 p. ;
Dimensiones 19 cm.
490 1# - MENCIÓN DE SERIE
Mención de serie Ariel
Designación de volumen o secuencia 27.
500 ## - NOTA GENERAL
Nota general Incluye nota al pie de páginas
650 #0 - PUNTO DE ACCESO ADICIONAL DE MATERIA--TÉRMINO DE MATERIA
Término de materia o nombre geográfico como elemento de entrada Psicología social
9 (RLIN) 1574
650 #0 - PUNTO DE ACCESO ADICIONAL DE MATERIA--TÉRMINO DE MATERIA
Término de materia o nombre geográfico como elemento de entrada Civilización
9 (RLIN) 4943
700 1# - PUNTO DE ACCESO ADICIONAL--NOMBRE DE PERSONA
Nombre de persona García Ponce, Juan
Término indicativo de función/relación tr.
9 (RLIN) 46983
830 #0 - PUNTO DE ACCESO ADICIONAL DE SERIE-TÍTULO UNIFORME
Título uniforme Ariel;
Designación de volumen o secuencia 27.
9 (RLIN) 33302
Holdings
Estado de retiro Estado de pérdida Restricciones de uso No para préstamo Código de colección Localización permanente Ubicación/localización actual Ubicación en estantería Fecha de adquisición Número de inventario Total de préstamos Signatura topográfica completa Código de barras Fecha visto por última vez Precio válido a partir de Tipo de ítem Koha
      Excluido de préstamo Monografías: Libros y Folletos General General En catalogación 02.02.2011 LF1   302 M322e 24678-10 25.06.2020 25.06.2020 No se presta

Powered by Koha